000 00607nam a2200229Ia 4500
003 OSt
005 20221007072848.0
006 a|||||r|||| 00| 0
007 ta
008 221006b |||||||| |||| 00| 0 eng d
024 _a12,283
037 _cTextual
040 _aFLL
_cFLL
_beng
041 _2eng
_aeng
082 _aV2,3;3.N73t, L5
100 _aRenton David Au.
245 0 _aPreparation of legislation
260 _aLondon
_bSweet and maxwell London
_c1975
300 _a184p
_ccm.
942 _hV2,3;3.N73t, L5
_cTEXL
_2CC
999 _c1147138
_d1147138